Transformers Characters - Statistics

General Stats
  • This quiz has been taken 1,386 times
  • The average score is 12 of 15
Answer Stats
Hint Answer % Correct
Bumble Bee
99%
Mega Tron
98%
Galva Tron
98%
Sound Wave
97%
Shock Wave
97%
Iron Hide
93%
Prime Optimus
93%
Sentinal Prime
93%
Star Scream
92%
Witwicky Sam
89%
Fallen The
75%
Ja zz
74%
Scav enger
68%
Long Haul
49%
Banes Mikaela
25%
No matching quizzes found
Score Distribution
Percent of People with Each Score
Percentile by Number Answered
Your Score History
You have not taken this quiz